000 00597nam a2200229Ia 4500
003 OSt
005 20221006170136.0
006 a|||||r|||| 00| 0
007 ta
008 221006b |||||||| |||| 00| 0 hin d
024 _a4,743
037 _cTextual
040 _aFML
_cFML
_bhin
041 _2hin
_ahin
082 _aP151 : (G), J8
100 _aJoshi Hem Chandra Tr.
_9681167
245 0 _aPishal
_b Prakrit Bhashaon Ka Vyakaran
260 _c2006
300 _ap.
_ccm.
942 _hP151 : (G), J8
_cTEXL
_2CC
999 _c1123137
_d1123137